<?xml version="1.0" encoding="UTF-8"?>
<record
    xmlns:xsi="http://www.w3.org/2001/XMLSchema-instance"
    xsi:schemaLocation="http://www.loc.gov/MARC21/slim http://www.loc.gov/standards/marcxml/schema/MARC21slim.xsd"
    xmlns="http://www.loc.gov/MARC21/slim">

  <leader>03273cam a2200397 i 4500</leader>
  <datafield tag="999" ind1=" " ind2=" ">
    <subfield code="c">19396</subfield>
    <subfield code="d">19396</subfield>
  </datafield>
  <controlfield tag="001">17758936</controlfield>
  <controlfield tag="005">20170116115619.0</controlfield>
  <controlfield tag="008">130531s2014    enka     b    001 0 eng  </controlfield>
  <datafield tag="010" ind1=" " ind2=" ">
    <subfield code="a">  2013015854</subfield>
  </datafield>
  <datafield tag="020" ind1=" " ind2=" ">
    <subfield code="a">9781107025547 (hardback : alkaline paper)</subfield>
  </datafield>
  <datafield tag="040" ind1=" " ind2=" ">
    <subfield code="a">DLC</subfield>
    <subfield code="b">eng</subfield>
    <subfield code="c">DLC</subfield>
    <subfield code="e">rda</subfield>
  </datafield>
  <datafield tag="042" ind1=" " ind2=" ">
    <subfield code="a">pcc</subfield>
  </datafield>
  <datafield tag="050" ind1="0" ind2="0">
    <subfield code="a">HD9560.5</subfield>
    <subfield code="b">.R48 2014</subfield>
  </datafield>
  <datafield tag="100" ind1=" " ind2=" ">
    <subfield code="a">[edited by Lindoe,Preben Hempel]</subfield>
  </datafield>
  <datafield tag="245" ind1="0" ind2="0">
    <subfield code="a">Risk governance of offshore oil and gas operations /</subfield>
    <subfield code="c">edited by Preben Hempel Lind&#xF8;e (University of Stavanger), Michael Baram (Boston University Law School), Ortwin Renn (University of Stuttgart)</subfield>
  </datafield>
  <datafield tag="260" ind1=" " ind2=" ">
    <subfield code="a">New York :</subfield>
    <subfield code="b">Cambridge University Press, </subfield>
    <subfield code="c">c2014</subfield>
  </datafield>
  <datafield tag="300" ind1=" " ind2=" ">
    <subfield code="a">xvi, 434 pages :</subfield>
    <subfield code="b">illustrations ;</subfield>
    <subfield code="c">24 cm</subfield>
  </datafield>
  <datafield tag="504" ind1=" " ind2=" ">
    <subfield code="a">Includes bibliographical references and index.</subfield>
  </datafield>
  <datafield tag="505" ind1="0" ind2=" ">
    <subfield code="a">A Generic Model for Risk Governance : Concept and Application to Technological Installations / Ortwin Renn -- Modes of Risk Regulation for Prevention of Major Industrial Accidents / Michael Baram and Preben H. Lind&#xF8;e -- Values and Norms : a Basis for a Safety Culture / Kathryn Mearns -- Optimising Offshore Health and Safety Inspections : How the Markets Could Help / Emre Emre &#xDC;&#x15F;enmez -- Safety regulation on the Norwegian Continental Shelf / Knut Kaasen -- Health and Safety Regulation on the UKCS : Evolution and Future Prospects / John Paterson -- Preventing Accidents in Offshore Oil and Gas : the U.S. Regulatory Regime / Michael Baram -- A New Policy Direction in Australian Offshore Safety Regulation / Jan Hayes -- Safety Indicators Used by Authorities in the Petroleum Industry of UK, US and Norway / Helene Cecilie Blakstad -- Governmental Enforced Self-Regulation : The Norwegian Case / Paul Bang and Olaf Thuestad -- Contested Terrains in Risk Regulation : Legitimacy Challenges in Implementation Processes / Jacob Kringen -- Boxing and Dancing : Tripartite Collaboration as an Integral Part of a Regulatory Regime / Ragnar Rosness and Ulla Forseth -- Emergent Risk and New Technologies / Ole Andreas Engen -- Near Major Accidents : a Challenge for Regulator and the Regulated / Ole Andreas Engen -- Inspections, Independence and Intelligence / Helge Ryggvik -- Advancing Robust Regulation : Reflections and Lessons to be Learned / Andrew Hale.</subfield>
  </datafield>
  <datafield tag="650" ind1=" " ind2="0">
    <subfield code="a">Offshore oil industry</subfield>
    <subfield code="x">Risk management.</subfield>
  </datafield>
  <datafield tag="650" ind1=" " ind2="0">
    <subfield code="a">Offshore gas industry</subfield>
    <subfield code="x">Risk management.</subfield>
  </datafield>
  <datafield tag="650" ind1=" " ind2="0">
    <subfield code="a">Offshore oil industry</subfield>
    <subfield code="x">Safety measures.</subfield>
  </datafield>
  <datafield tag="650" ind1=" " ind2="0">
    <subfield code="a">Offshore gas industry</subfield>
    <subfield code="x">Safety measures.</subfield>
  </datafield>
  <datafield tag="650" ind1=" " ind2="0">
    <subfield code="a">Offshore oil industry</subfield>
    <subfield code="x">Government policy.</subfield>
  </datafield>
  <datafield tag="650" ind1=" " ind2="0">
    <subfield code="a">Offshore gas industry</subfield>
    <subfield code="x">Government policy.</subfield>
  </datafield>
  <datafield tag="700" ind1="1" ind2=" ">
    <subfield code="a">Lind&#xF8;e, Preben Hempel.</subfield>
  </datafield>
  <datafield tag="700" ind1="1" ind2=" ">
    <subfield code="a">Baram, Michael S.</subfield>
  </datafield>
  <datafield tag="700" ind1="1" ind2=" ">
    <subfield code="a">Renn, Ortwin.</subfield>
  </datafield>
  <datafield tag="942" ind1=" " ind2=" ">
    <subfield code="2">lcc</subfield>
    <subfield code="c">BOOKS</subfield>
    <subfield code="h">HD9560.5 .R48 2014</subfield>
  </datafield>
  <datafield tag="952" ind1=" " ind2=" ">
    <subfield code="0">0</subfield>
    <subfield code="1">0</subfield>
    <subfield code="2">lcc</subfield>
    <subfield code="4">0</subfield>
    <subfield code="7">0</subfield>
    <subfield code="a">MUC</subfield>
    <subfield code="b">MUC</subfield>
    <subfield code="c">TECH</subfield>
    <subfield code="d">2017-01-16</subfield>
    <subfield code="e">Donation(BFA)</subfield>
    <subfield code="l">0</subfield>
    <subfield code="o">HD9560.5 .R48 2014</subfield>
    <subfield code="p">30151</subfield>
    <subfield code="r">2018-06-28</subfield>
    <subfield code="w">2017-01-16</subfield>
    <subfield code="y">BOOKS</subfield>
  </datafield>
</record>
